LEADER 01850oam 2200529M 450 001 9910716500603321 005 20200213070903.6 035 $a(CKB)5470000002521134 035 $a(OCoLC)1065594068 035 $a(OCoLC)995470000002521134 035 $a(EXLCZ)995470000002521134 100 $a20071213d1927 ua 0 101 0 $aeng 135 $aurcn||||||||| 181 $ctxt$2rdacontent 182 $cc$2rdamedia 183 $acr$2rdacarrier 200 10$aRequest for certain information from the Treasury Department. January 6, 1927. -- Ordered to be printed 210 1$a[Washington, D.C.] :$c[U.S. Government Printing Office],$d1927. 215 $a1 online resource (2 pages) 225 1 $aHouse report / 69th Congress, 2nd session. House ;$vno. 1690 225 1 $a[United States congressional serial set] ;$v[serial no. 8690] 300 $aBatch processed record: Metadata reviewed, not verified. Some fields updated by batch processes. 300 $aFDLP item number not assigned. 606 $aAdministrative law 606 $aAlcoholic beverages 606 $aGovernment publications$zUnited States 606 $aFederal government 606 $aPoisons 606 $aPoisoning 606 $aProsecution 608 $aLegislative materials.$2lcgft 615 0$aAdministrative law. 615 0$aAlcoholic beverages. 615 0$aGovernment publications 615 0$aFederal government. 615 0$aPoisons. 615 0$aPoisoning. 615 0$aProsecution. 701 $aGraham$b George Scott$f1850-1931.$pRepublican (PA)$01386798 801 0$bWYU 801 1$bWYU 801 2$bOCLCO 906 $aBOOK 912 $a9910716500603321 996 $aRequest for certain information from the Treasury Department. January 6, 1927. -- Ordered to be printed$93494299 997 $aUNINA LEADER 01506nam 2200361 450 001 9910131181203321 005 20240207143724.0 010 $a1-55442-495-X 035 $a(CKB)3680000000167470 035 $a(NjHacI)993680000000167470 035 $a(EXLCZ)993680000000167470 100 $a20240207d2004 uy 0 101 0 $afre 135 $aur||||||||||| 181 $ctxt$2rdacontent 182 $cc$2rdamedia 183 $acr$2rdacarrier 200 14$aUne politique familiale $eenjeux et de?bats /$fRene?e B. Dandurand 210 1$aChicoutimi :$cJ.-M. Tremblay,$d2004. 215 $a1 online resource 225 1 $aClassiques des sciences sociales 327 $aIntroduction -- -- I. Autour du livre vert sur la politique familiale -- -- a. La crise de 1982 -- b. Deux « pre?cautions » de l'E?tat -- c. Des inte?re?ts multiples et souvent divergents -- d. Quelques re?actions au Livre vert -- -- II. Le rapport du comite? de consultation -- -- a. Le soutien collectif -- b. De la famille aux parents -- c. Le pari de la solidarite? des sexes -- d. Les recommandations -- e. Les options majeures. 410 0$aClassiques des sciences sociales. 517 $aUne politique familiale 607 $aQue?bec (Province)$xSocial conditions 676 $a306.09714 700 $aDandurand$b Rene?e B.$01591942 801 0$bNjHacI 801 1$bNjHacl 906 $aBOOK 912 $a9910131181203321 996 $aUne politique familiale$93907817 997 $aUNINA LEADER 01355nam 2200445 450 001 9910812516503321 005 20200520144314.0 010 $a2-84450-558-9 035 $a(CKB)3240000000128587 035 $a(MiAaPQ)EBC4412883 035 $a(Au-PeEL)EBL4412883 035 $a(CaPaEBR)ebr11293032 035 $a(OCoLC)962152826 035 $a(PPN)187315396 035 $a(EXLCZ)993240000000128587 100 $a20161108h19991999 uy 0 101 0 $afre 135 $aurcnu|||||||| 181 $2rdacontent 182 $2rdamedia 183 $2rdacarrier 200 10$aGaston Monnerville et la Guyane, 1897-1948 /$fpar Rodolphe Alexandre 210 1$aMatoury, French Guiana :$cIbis Rouge Editions,$d1999. 210 4$d©1999 215 $a1 online resource (396 pages) 311 $a2-84450-058-7 320 $aIncludes bibliographical references and index. 606 $aLegislators$zFrance$vBiography 607 $aFrench Guiana$xPolitics and government$y1814-1947 607 $aFrance$xPolitics and government$y20th century 615 0$aLegislators 676 $a944.082/092 700 $aAlexandre$b Rodolphe$01660919 801 0$bMiAaPQ 801 1$bMiAaPQ 801 2$bMiAaPQ 906 $aBOOK 912 $a9910812516503321 996 $aGaston Monnerville et la Guyane, 1897-1948$94016488 997 $aUNINA